Aux portes de l'histoire: les premiers ages de l'humanité

में बचाया:
ग्रंथसूची विवरण
मुख्य लेखकों: Clark, Grahame (लेखक), Mellaart, James (लेखक), Mallowan, M. E (लेखक), Alfred, Cyril (लेखक), Culican, William (लेखक), Hood, M. S (लेखक), Wheeles, Mortimer (लेखक), Watson, William (लेखक), Cristie, Antony (लेखक), Phillips, E. D (लेखक), Powell, T. G (लेखक), Bushnell, G. H (लेखक)
अन्य लेखक: Lloyd, Seton (autor)
स्वरूप: पुस्तक
भाषा:फ़्रेंच
प्रकाशित: París Hachette 1962
विषय:
टैग: टैग जोड़ें
कोई टैग नहीं, इस रिकॉर्ड को टैग करने वाले पहले व्यक्ति बनें!

MARC

LEADER 00000nam a2200000 a 4500
001 UCV9348
003 CL-VaPUC
008 920818e19620000FR |||||||||||||||||fre|d
082 0 4 |a 709.01  |b CLA  |2 21 
100 0 |a Clark, Grahame  |e author  |9 303343 
700 0 |a Mellaart, James  |e author  |9 303344 
700 0 |a Mallowan, M. E  |e author  |9 303345 
700 0 |a Alfred, Cyril  |e author  |9 303346 
700 0 |a Culican, William  |e author  |9 303347 
700 |a Lloyd, Seton  |e autor  |9 354364 
700 0 |a Hood, M. S  |e author  |9 303349 
700 0 |a Wheeles, Mortimer  |e author  |9 303350 
700 0 |a Watson, William  |e author  |9 303351 
700 0 |a Cristie, Antony  |e author  |9 303352 
700 0 |a Phillips, E. D  |e author  |9 303353 
700 0 |a Powell, T. G  |e author  |9 303354 
700 0 |a Bushnell, G. H  |e author  |9 303355 
245 1 0 |a Aux portes de l'histoire: les premiers ages de l'humanité 
300 |a 402 p 
942 |c BK 
945 |d 19920818 00:00:00 
260 |a París  |b Hachette  |c 1962 
650 0 |a Arte primitivo   |9 267985 
650 7 |a ESCULTURA PRIMITIVA  |2 CL-VaPUC  |9 268012 
650 0 |a Pintura rupestre  |9 266892 
583 |a last modification  |c 19920818 00:00:00  |k Rodrigo Vera 
999 |c 214701  |d 214699 
952 |0 0  |1 0  |4 0  |6 709_010000000000000_CLA_1962  |7 0  |8 F  |9 198351  |a BIBARQ  |b BIBARQ  |d 2019-11-14  |i 2658380  |o 709.01 CLA 1962  |p 2658380  |r 2025-01-20  |w 2019-11-14  |y BK_F  |k ARQ